Statistics for Olympic Medals per Capita

Click here to take the quiz!

General Stats

  • This quiz has been taken 58 times
  • The average score is 13 of 20

Answer Stats

Population per Medal (# of medals) Answer % Correct
33, 595 (149)Norway
95%
19, 649 (483)Sweden
95%
17, 904 (302)Finland
89%
31, 176 (179)Denmark
84%
48, 994 (467)Australia
82%
44, 773 (99)New Zealand
80%
20, 972 (475)Hungary
80%
54, 044 (208)Cuba
76%
62, 901 (266)Netherlands
75%
63, 265 (301)Romania
73%
40, 385 (67)Jamaica
73%
42, 772 (184)Switzerland
67%
77, 121 (142)Belgium
67%
34, 413 (214)Bulgaria
60%
72, 153 (143)Czechoslovakia
55%
39, 391 (409)East Germany
49%
32, 150 (11)Bahamas
40%
39, 939 (33)Estonia
40%
73, 206 (18)Trinidad and Tobago
35%
64, 237 (1)Bermuda
5%

Score Distribution

Percentile by Number Answered

Percent of People with Each Score

Your Score History

You have not taken this quiz